[Event "Muensterland Verbandsliga 1011"]
[Site "Germany"]
[Date "2011.01.15"]
[Round "5.5"]
[White "Hater, Wolfgang"]
[Black "Kleinwaechter, Matthias"]
[Result "1-0"]
[WhiteElo "2072"]
[BlackElo "1921"]
[PlyCount "95"]
[EventDate "2010.09.25"]
[EventType "team-tourn"]
[EventRounds "9"]
[EventCountry "GER"]
[SourceTitle "EXT 2012"]
[Source "ChessBase"]
[SourceDate "2011.11.24"]
[SourceVersion "1"]
[SourceVersionDate "2011.11.24"]
[SourceQuality "1"]
[WhiteTeam "Suedlohn"]
[BlackTeam "Saerbeck"]
[WhiteTeamCountry "GER"]
[BlackTeamCountry "GER"]

1. e4 c5 2. Be2 Nc6 3. d3 g6 4. h4 h6 5. Be3 Bg7 6. Qc1 d6 7. c3 Nf6 8. Nh3 e5 9. f3 Nh5 10. Bf2 Bxh3 11. Rxh3 Nf4 12. Rh2 Qe7 13. Bf1 Rd8 14. g3 Ne6 15. h5 g5 16. Nd2 d5 17. exd5 Rxd5 18. Nc4 Qf6 19. Qe3 0-0 20. Qe4 Qd8 21. Ne3 Rd7 22. Rd1 Re8 23. Bh3 Rc7 24. Kf1 Rd7 25. Qc4 e4 26. f4 Rxd3 27. Rxd3 Qxd3+ 28. Qxd3 exd3 29. f5 Nc7 30. Ke1 Ne5 31. Kd1 b5 32. f6 Bf8 33. Rh1 Nc4 34. Nxc4 bxc4 35. Bf1 Re6 36. b3 Rxf6 37. Rh2 cxb3 38. axb3 Rf3 39. Kd2 Bd6 40. Rg2 Nd5 41. Bxd3 Kg7 42. Be4 Rxf2+ 43. Rxf2 Bxg3 44. Rf5 Nf6 45. Bf3 Bd6 46. Kd3 Nd7 47. Rd5 Ne5+ 48. Ke4 1-0

[Event "Muensterland Verbandsliga 1011"]
[Site "Germany"]
[Date "2010.12.18"]
[Round "4.4"]
[White "Hater, Wolfgang"]
[Black "Wendker, Christian"]
[Result "1/2-1/2"]
[WhiteElo "2072"]
[BlackElo "1997"]
[PlyCount "108"]
[EventDate "2010.09.25"]
[EventType "team-tourn"]
[EventRounds "9"]
[EventCountry "GER"]
[SourceTitle "EXT 2012"]
[Source "ChessBase"]
[SourceDate "2011.11.24"]
[SourceVersion "1"]
[SourceVersionDate "2011.11.24"]
[SourceQuality "1"]
[WhiteTeam "Suedlohn"]
[BlackTeam "Ostbevern Westbevern"]
[WhiteTeamCountry "GER"]
[BlackTeamCountry "GER"]

1. e4 g6 2. Bc4 c6 3. Nc3 b5 4. Bb3 b4 5. Qf3 Nf6 6. Nd1 d5 7. d3 Bg4 8. Qe3 Bxd1 9. e5 Ng4 10. Qg3 Qb6 11. h3 Bxc2 12. Bxc2 Nh6 13. Nf3 Nf5 14. Qh2 Nd4 15. Nxd4 Qxd4 16. 0-0 Bg7 17. Re1 0-0 18. Qf4 Qxf4 19. Bxf4 Nd7 20. d4 e6 21. Ba4 Rfc8 22. Rac1 Nb8 23. Re2 a5 24. Bb5 Bf8 25. Rec2 c5 26. dxc5 Nc6 27. Rd1 Ra7 28. Kf1 Rac7 29. Ba6 Ra8 30. Be2 Bg7 31. Bg3 Bxe5 32. f4 Bg7 33. Bf2 Rd8 34. Bh4 Rdc8 35. Bf2 Bf8 36. g4 Nb8 37. Rdc1 f6 38. Bb5 Nc6 39. Rd1 Rd8 40. Kg2 Kf7 41. h4 h6 42. f5 e5 43. fxg6+ Kxg6 44. Bg3 Na7 45. Bd3+ Kg7 46. Be4 Rcd7 47. Bf5 Rc7 48. Be4 d4 49. c6 Bd6 50. Rf1 Rf8 51. Rf5 Nc8 52. g5 Ne7 53. gxf6+ Rxf6 54. Rxe5 d3 1/2-1/2

[Event "Muensterland Verbandsliga 1011"]
[Site "Germany"]
[Date "2010.11.27"]
[Round "3.5"]
[White "Hater, Wolfgang"]
[Black "Robeling, Stephan"]
[Result "1-0"]
[WhiteElo "2072"]
[BlackElo "1873"]
[PlyCount "87"]
[EventDate "2010.09.25"]
[EventType "team-tourn"]
[EventRounds "9"]
[EventCountry "GER"]
[SourceTitle "EXT 2012"]
[Source "ChessBase"]
[SourceDate "2011.11.24"]
[SourceVersion "1"]
[SourceVersionDate "2011.11.24"]
[SourceQuality "1"]
[WhiteTeam "Suedlohn"]
[BlackTeam "Bocholt"]
[WhiteTeamCountry "GER"]
[BlackTeamCountry "GER"]

1. e4 e6 2. d3 d5 3. Nd2 Nf6 4. Be2 c5 5. c3 Nc6 6. Ngf3 Qb6 7. 0-0 Be7 8. Re1 0-0 9. Bf1 h6 10. a3 a6 11. h4 Rd8 12. e5 Nd7 13. g3 Qc7 14. Qe2 b5 15. Bg2 Bb7 16. d4 cxd4 17. cxd4 Qb6 18. Qd3 b4 19. a4 a5 20. Nb3 Ba6 21. Qd1 Bc4 22. Be3 Rac8 23. Rc1 Rc7 24. Nbd2 Bd3 25. Qb3 Bf5 26. Bf1 Rdc8 27. Bd3 Bxd3 28. Qxd3 Na7 29. Nb3 Rxc1 30. Rxc1 Rxc1+ 31. Nxc1 Qc6 32. Kg2 Bd8 33. Qd1 Nb6 34. b3 Nd7 35. Ne2 Bb6 36. Qd3 Nb8 37. g4 Qc7 38. h5 Nac6 39. g5 Ne7 40. gxh6 gxh6 41. Bxh6 Nf5 42. Bg5 Qa7 43. h6 Nc6 44. Bf6 1-0

[Event "Muensterland Verbandsliga 0910"]
[Site "Germany"]
[Date "2010.01.16"]
[Round "5.3"]
[White "Mueschenich, Stefan"]
[Black "Hater, Wolfgang"]
[Result "0-1"]
[WhiteElo "2097"]
[BlackElo "2037"]
[PlyCount "88"]
[EventDate "2009.09.26"]
[EventType "team-tourn"]
[EventRounds "9"]
[EventCountry "GER"]
[SourceTitle "EXT 2011"]
[Source "ChessBase"]
[SourceDate "2010.11.26"]
[SourceVersion "1"]
[SourceVersionDate "2010.11.26"]
[SourceQuality "1"]
[WhiteTeam "Muenster II"]
[BlackTeam "Suedlohn"]
[WhiteTeamCountry "GER"]
[BlackTeamCountry "GER"]

1. b3 d6 2. Bb2 e5 3. g3 Be6 4. Bg2 Qc8 5. d4 exd4 6. Qxd4 Nf6 7. Nf3 Nc6 8. Qf4 Be7 9. Ng5 Bf5 10. e4 Bd7 11. Nc3 0-0 12. 0-0-0 a5 13. Nf3 Re8 14. Nd5 Nxd5 15. exd5 Nb4 16. a3 Na6 17. Ng5 f6 18. Ne6 Nc5 19. Rhe1 Bxe6 20. dxe6 c6 21. Bh3 Rf8 22. Rxd6 Qc7 23. Rd2 Qxf4 24. gxf4 f5 25. Re5 g6 26. Rxc5 Bxc5 27. Rd7 Rfd8 28. Rg7+ Kf8 29. Rxh7 Ke8 30. Bf6 Bxa3+ 31. Kb1 Bf8 32. e7 Rd1+ 33. Kb2 Bxe7 34. Rxe7+ Kf8 35. Rxb7 a4 36. Bg2 a3+ 37. Ka2 Rd2 38. Be7+ Kg8 39. Bxa3 Rxc2+ 40. Kb1 Rxf2 41. Bxc6 Rxa3 42. Bd5+ Kh8 43. Rb8+ Kh7 44. Rb7+ Kh6 0-1

[Event "Muensterland Verbandsliga 0809"]
[Site "Germany"]
[Date "2008.10.18"]
[Round "2.4"]
[White "Hater, Wolfgang"]
[Black "Korb, Andreas"]
[Result "0-1"]
[WhiteElo "2048"]
[BlackElo "2018"]
[PlyCount "98"]
[EventDate "2008.09.20"]
[EventType "team-tourn"]
[EventRounds "9"]
[EventCountry "GER"]
[SourceTitle "EXT 2010"]
[Source "ChessBase"]
[SourceDate "2010.11.25"]
[SourceVersion "1"]
[SourceVersionDate "2010.11.25"]
[SourceQuality "1"]
[WhiteTeam "Suedlohn"]
[BlackTeam "Sendenhorst"]
[WhiteTeamCountry "GER"]
[BlackTeamCountry "GER"]

1. e4 Nc6 2. d3 d5 3. Nd2 Nf6 4. Ngf3 Bg4 5. c3 e6 6. Qa4 Qd7 7. Be2 Be7 8. 0-0 0-0 9. Re1 Rfe8 10. h3 Bh5 11. Qc2 dxe4 12. dxe4 Bg6 13. a4 Nd5 14. Bb5 Bf6 15. Nc4 e5 16. Qd1 Nb6 17. Ncd2 a6 18. Bf1 Rad8 19. a5 Nc8 20. Qc2 Nd6 21. Nc4 Qe6 22. Nfd2 Bh4 23. Nxd6 cxd6 24. Qa4 Bh5 25. Bxa6 bxa6 26. Qxc6 g5 27. Qxa6 g4 28. hxg4 Qxg4 29. Qd3 Re6 30. Qh3 Qxh3 31. gxh3 Rf6 32. Rf1 Be2 33. a6 Bxf1 34. Nxf1 Bxf2+ 35. Kh1 Ba7 36. Bg5 Kg7 37. Ne3 Bxe3 38. Bxe3 Ra8 39. Kg2 d5 40. a7 dxe4 41. b4 Rf3 42. b5 Rxe3 43. b6 Kh6 44. Rf1 Rg8+ 45. Kh2 Re2+ 46. Kh1 Rb2 47. Rf6+ Kg5 48. Rxf7 Rxb6 49. Rg7+ Rg6 0-1

[Event "Muensterland Verbandsliga 0708"]
[Site "Germany"]
[Date "2008.04.26"]
[Round "9.4"]
[White "Hater, Wolfgang"]
[Black "Koetterheinrich, Dennis"]
[Result "1-0"]
[WhiteElo "2048"]
[BlackElo "1977"]
[PlyCount "51"]
[EventDate "2007.09.08"]
[EventType "team"]
[EventRounds "9"]
[EventCountry "GER"]
[SourceTitle "EXT 2009"]
[Source "ChessBase"]
[SourceDate "2008.11.26"]
[SourceVersion "1"]
[SourceVersionDate "2008.11.26"]
[SourceQuality "1"]
[WhiteTeam "Suedlohn"]
[BlackTeam "Saerbeck"]
[WhiteTeamCountry "GER"]
[BlackTeamCountry "GER"]

1. e4 g6 2. Bc4 Bg7 3. Nf3 c6 4. Nc3 Nf6 5. e5 Ng4 6. d4 d5 7. Bd3 c5 8. h3 cxd4 9. Bb5+ Bd7 10. Qxd4 Bxb5 11. hxg4 Bc6 12. Bh6 Bxh6 13. Rxh6 Qb6 14. 0-0-0 Nd7 15. e6 Nf6 16. exf7+ Kxf7 17. Ng5+ Kg7 18. Qe5 Qxf2 19. Rdh1 Kf8 20. Rxh7 Rxh7 21. Nxh7+ Nxh7 22. Qh8+ Kf7 23. Rxh7+ Ke6 24. Qxa8 d4 25. Qc8+ Kd6 26. Qd8+ 1-0

[Event "Muensterland Verbandsliga 0708"]
[Site "Germany"]
[Date "2007.11.03"]
[Round "3.5"]
[White "Hater, Wolfgang"]
[Black "Ter Horst, Carsten"]
[Result "1/2-1/2"]
[WhiteElo "2048"]
[BlackElo "1855"]
[PlyCount "112"]
[EventDate "2007.09.08"]
[EventType "team"]
[EventRounds "9"]
[EventCountry "GER"]
[SourceTitle "EXT 2009"]
[Source "ChessBase"]
[SourceDate "2008.11.26"]
[SourceVersion "1"]
[SourceVersionDate "2008.11.26"]
[SourceQuality "1"]
[WhiteTeam "Suedlohn"]
[BlackTeam "Stadtlohn"]
[WhiteTeamCountry "GER"]
[BlackTeamCountry "GER"]

1. e4 c5 2. Nf3 d6 3. Be2 Nf6 4. d3 g6 5. 0-0 Bg7 6. c3 0-0 7. Nbd2 Bg4 8. Ne1 Bxe2 9. Qxe2 Nc6 10. Nef3 Nd7 11. a4 a6 12. Nc4 b5 13. Ne3 e6 14. h4 Rb8 15. axb5 axb5 16. Bd2 b4 17. Ra6 Rb6 18. Ra2 Qc7 19. h5 Rfb8 20. hxg6 hxg6 21. Ng5 bxc3 22. bxc3 Nf8 23. f4 Qe7 24. Rfa1 Rb1+ 25. Kf2 Nh7 26. Nf3 R1b2 27. Rxb2 Rxb2 28. Nc4 Rb8 29. Qe1 Qc7 30. Rb1 Nf6 31. Kg1 Ng4 32. Qc1 d5 33. Rxb8+ Qxb8 34. Na3 Qb3 35. e5 Bf8 36. Nb1 c4 37. d4 Na5 38. Ne1 Qa2 39. Qc2 Qb3 40. Bc1 Qxc2 41. Nxc2 Nb3 42. Bb2 Bh6 43. g3 g5 44. fxg5 Bxg5 45. Kf1 Ne3+ 46. Nxe3 Bxe3 47. Ke2 Bg5 48. Na3 Kg7 49. Nb5 Kg6 50. Nd6 Na5 51. Kf3 Nc6 52. Kg4 Bd2 53. Nb5 Ne7 54. Kf3 Nf5 55. Ke2 Bg5 56. Kf3 Bd2 1/2-1/2